| 000 | 00483nam a2200169 a 4500 | ||
|---|---|---|---|
| 005 | 20140412111415.0 | ||
| 008 | 070822s19uu xx 00 eng d | ||
| 020 | _a00-590-44681-9 | ||
| 050 |
_aM 951.22 _bC67 2001 |
||
| 100 | _aCole Joanna | ||
| 245 |
_aMs. Frizzle'a Adventures: Ancient Egypt / _cJoanna Cole. |
||
| 250 | _a1st ed. | ||
| 260 |
_aNew York : _bScholastic Press, _c2001. |
||
| 300 | _a39p. | ||
| 650 |
_aEgypt _xCivilization _xJuvenile Literature |
||
| 999 |
_c105813 _d105813 |
||